Countries Closest to Kolkata - Statistics

General Stats
  • This quiz has been taken 40 times
  • The average score is 18 of 21
Answer Stats
Distance (km) Distance (mi) Country % Correct
0 0 India
100%
61 38 Bangladesh
97%
533 331 China
94%
1,633 1,033 Pakistan
94%
1,656 1,029 Sri Lanka
94%
2,080 1,292 Afghanistan
91%
481 299 Bhutan
91%
2,315 1,438 Kazakhstan
91%
420 261 Myanmar
91%
426 265 Nepal
91%
1,036 643 Thailand
91%
1,418 881 Vietnam
88%
2,074 1,289 Tajikistan
84%
2,554 1,587 Uzbekistan
84%
2,278 1,415 Kyrgyzstan
81%
1,241 771 Laos
81%
2,162 1,344 Malaysia
81%
2,372 1,474 Maldives
81%
2,364 1,469 Mongolia
81%
1,970 1,224 Indonesia
78%
2,570 1,597 Iran
78%
No matching quizzes found
Score Distribution
Percent of People with Each Score
Percentile by Number Answered
Your Score History
You have not taken this quiz